[Event "Sao Paulo Sampa op"]
[Site "Sao Paulo"]
[Date "2024.02.03"]
[Round "8"]
[White "Do Nascimento, Christian Almeida"]
[Black "Ticona Rocabado, Licael Roderick"]
[Result "0-1"]
[WhiteElo "2111"]
[BlackElo "2371"]
[PlyCount "62"]
[EventDate "2024.01.29"]
[EventType "swiss"]
[EventRounds "9"]
[EventCountry "BRA"]
[SourceTitle "CB06_2024"]
[SourceDate "2024.02.07"]
[SourceVersion "1"]
[SourceVersionDate "2024.02.07"]
[SourceQuality "1"]

1. e4 e6 2. d3 d5 3. Nd2 Nf6 4. Ngf3 c5 5. g3 Nc6 6. Bg2 Be7 7. 0-0 0-0 8. Re1 b5 9. e5 Nd7 10. Nf1 f6 11. exf6 Bxf6 12. h4 Nb6 13. c3 e5 14. Be3 Qd6 15. N1h2 Be6 16. Ng5 Bxg5 17. Bxg5 h6 18. Bd2 Bf5 19. g4 Bxd3 20. Bxh6 e4 21. Bg5 Rxf2 22. Be3 Rxb2 23. Qc1 Rc2 24. Bf4 Qf6 25. g5 Qf5 26. Qe3 Rf8 27. Bd6 Nc4 28. Qxc5 Qf2+ 29. Qxf2 Rfxf2 30. Bh3 Nxd6 31. Ng4 Rf3 0-1

[Event "Sao Paulo Sampa op"]
[Site "Sao Paulo"]
[Date "2024.01.30"]
[Round "3"]
[White "Do Nascimento, Christian Almeida"]
[Black "Rigonati, Eduardo Santana"]
[Result "1-0"]
[WhiteElo "2111"]
[BlackElo "1827"]
[PlyCount "99"]
[EventDate "2024.01.29"]
[EventType "swiss"]
[EventRounds "9"]
[EventCountry "BRA"]
[SourceTitle "CB06_2024"]
[SourceDate "2024.02.07"]
[SourceVersion "1"]
[SourceVersionDate "2024.02.07"]
[SourceQuality "1"]

1. d4 Nf6 2. Bg5 Nc6 3. Nf3 d6 4. Nc3 Bg4 5. e3 e5 6. Bb5 exd4 7. Qxd4 Bd7 8. Qh4 Be7 9. 0-0-0 h6 10. Rhe1 Nh7 11. Bxe7 Qxe7 12. Qa4 Nf6 13. e4 0-0 14. Nd5 Qd8 15. Nxf6+ Qxf6 16. e5 Qg6 17. exd6 cxd6 18. Qf4 Ne5 19. Bxd7 Nxd7 20. Rxd6 Nf6 21. Nh4 Qg5 22. Qxg5 hxg5 23. Nf5 Rfe8 24. Rdd1 Kf8 25. Nd6 Rxe1 26. Rxe1 b6 27. Re5 Rd8 28. Ne4 Nxe4 29. Rxe4 Rd5 30. c4 Rd6 31. Kc2 f5 32. Re5 g6 33. Kc3 Rd1 34. f3 Kf7 35. Re2 Kf6 36. b4 Rh1 37. h3 g4 38. hxg4 fxg4 39. fxg4 Kg5 40. c5 bxc5 41. bxc5 Kf6 42. Kc4 Rc1+ 43. Kd5 a5 44. Kd6 Rd1+ 45. Kc7 a4 46. c6 a3 47. Re3 Rd2 48. Rxa3 Ke6 49. Kb7 Rb2+ 50. Rb3 1-0

[Event "Sao Paulo Sampa op"]
[Site "Sao Paulo"]
[Date "2024.01.30"]
[Round "2"]
[White "Filgueiras, Nathan Felipe"]
[Black "Do Nascimento, Christian Almeida"]
[Result "1-0"]
[WhiteElo "2323"]
[BlackElo "2111"]
[PlyCount "159"]
[EventDate "2024.01.29"]
[EventType "swiss"]
[EventRounds "9"]
[EventCountry "BRA"]
[SourceTitle "CB06_2024"]
[SourceDate "2024.02.07"]
[SourceVersion "1"]
[SourceVersionDate "2024.02.07"]
[SourceQuality "1"]

1. e4 e5 2. Nf3 Nf6 3. Nc3 Nc6 4. Be2 Bb4 5. Nd5 Nxe4 6. Nxb4 Nxb4 7. d3 Nf6 8. Nxe5 d6 9. Nf3 h6 10. a3 Nc6 11. 0-0 0-0 12. d4 Bf5 13. d5 Ne7 14. c4 Qd7 15. Be3 Rfe8 16. Re1 Bh7 17. Bd4 Ne4 18. b4 Nf5 19. Bb2 Re7 20. Bd3 Rae8 21. Re2 Ng5 22. Nxg5 Rxe2 23. Bxe2 hxg5 24. Qd2 Qe7 25. Bf1 Bg6 26. Bc3 g4 27. Re1 Qxe1 28. Qxe1 Rxe1 29. Bxe1 Nd4 30. Bc3 Nb3 31. Bb2 Bc2 32. Be2 f5 33. Kf1 a5 34. Ke1 Kf7 35. bxa5 Nxa5 36. Kd2 Ba4 37. Kc3 b6 38. Kb4 Bd7 39. Bd3 Nb7 40. Bc2 Nc5 41. a4 Na6+ 42. Ka3 Nc5 43. Bc3 Nb7 44. Kb4 Na5 45. Bd2 Kf6 46. Bc3+ Kf7 47. Bd2 Kf6 48. f4 gxf3 49. gxf3 g5 50. f4 g4 51. Be1 c5+ 52. dxc6 Nxc6+ 53. Kc3 Ne7 54. Kd4 Ke6 55. Bh4 Nc6+ 56. Kc3 d5 57. cxd5+ Kxd5 58. Bf2 Ne7 59. Bxb6 Ng6 60. Be3 Nh4 61. a5 Ng2 62. Bd2 Kc5 63. a6 Kb6 64. Bd3 Bc8 65. Bf1 Nh4 66. Be3+ Kc7 67. a7 Bb7 68. Bf2 Ng6 69. Bg3 Kb6 70. Bd3 Kxa7 71. Bxf5 Ne7 72. Bxg4 Kb6 73. Kd4 Nc6+ 74. Kd5 Kc7 75. f5+ Kd8 76. Kd6 Nd4 77. f6 Ke8 78. Bh5+ Kf8 79. Bf4 Bf3 80. Bh6+ 1-0

[Event "Florianopolis op 10th"]
[Site "Florianopolis"]
[Date "2024.01.26"]
[Round "8"]
[White "Do Nascimento, Christian Almeida"]
[Black "Umetsubo, Cesar Hidemitsu"]
[Result "0-1"]
[WhiteElo "2123"]
[BlackElo "2349"]
[PlyCount "88"]
[EventDate "2024.01.20"]
[EventType "swiss"]
[EventRounds "10"]
[EventCountry "BRA"]
[SourceTitle "CB05_2024"]
[SourceDate "2024.01.31"]
[SourceVersion "1"]
[SourceVersionDate "2024.01.31"]
[SourceQuality "1"]

1. d4 Nf6 2. Bg5 d5 3. e3 c6 4. Bd3 Bg4 5. f3 Bh5 6. Ne2 Qb6 7. Nd2 Nbd7 8. 0-0 e5 9. c4 Be7 10. c5 Nxc5 11. dxc5 Bxc5 12. Kh1 Bxe3 13. Bxf6 gxf6 14. Ng3 Bg6 15. Qc2 Qd4 16. Nde4 dxe4 17. Bxe4 0-0-0 18. b4 Qxb4 19. Rab1 Qd2 20. Qa4 Bb6 21. Rfc1 Bxe4 22. Nxe4 Qd4 23. Rc4 Qe3 24. Rxc6+ Kb8 25. Rxf6 Rd4 26. Qb5 Rhd8 27. Qf1 Qa3 28. h3 Qxa2 29. Kh2 Rg8 30. Ra1 Qc4 31. Qxc4 Rxc4 32. g4 Rc7 33. g5 Bd4 34. Rb1 a5 35. Kg3 h6 36. h4 hxg5 37. hxg5 Rg6 38. Rb5 b6 39. Kg4 Rxf6 40. gxf6 a4 41. Rb4 a3 42. Ra4 Ra7 43. Rc4 a2 44. Nd6 Bc5 0-1

[Event "Florianopolis op 10th"]
[Site "Florianopolis"]
[Date "2024.01.22"]
[Round "4"]
[White "Pessoa, Marcio de Souza"]
[Black "Do Nascimento, Christian Almeida"]
[Result "0-1"]
[WhiteElo "1846"]
[BlackElo "2123"]
[PlyCount "72"]
[EventDate "2024.01.20"]
[EventType "swiss"]
[EventRounds "10"]
[EventCountry "BRA"]
[SourceTitle "CB05_2024"]
[SourceDate "2024.01.31"]
[SourceVersion "1"]
[SourceVersionDate "2024.01.31"]
[SourceQuality "1"]

1. e4 c5 2. Nf3 g6 3. c3 d5 4. e5 Bg4 5. d4 Bxf3 6. Qxf3 e6 7. Bb5+ Nc6 8. 0-0 Rc8 9. Rd1 Qb6 10. a4 a6 11. Bxc6+ Qxc6 12. h4 cxd4 13. cxd4 h5 14. Nc3 Bh6 15. Be3 Qd7 16. Rac1 Bxe3 17. fxe3 Nh6 18. e4 Rd8 19. Qf6 0-0 20. exd5 exd5 21. Ne2 Qg4 22. Re1 Nf5 23. Qg5 Qxg5 24. hxg5 Rc8 25. Rc5 Nxd4 26. Rxd5 Ne6 27. Rd7 b5 28. axb5 axb5 29. Nc3 Rfd8 30. Rxd8+ Rxd8 31. Nxb5 Rb8 32. Nd6 Rxb2 33. Ne4 Kg7 34. Rf1 Re2 35. Nf2 Rxe5 36. Ra1 Rxg5 0-1

[Event "Criciuma op-A"]
[Site "Criciuma"]
[Date "2024.01.16"]
[Round "6"]
[White "Lima, Kleyton Alcantara"]
[Black "Do Nascimento, Christian Almeida"]
[Result "1-0"]
[WhiteElo "2119"]
[BlackElo "2123"]
[PlyCount "37"]
[EventDate "2024.01.12"]
[EventType "swiss"]
[EventRounds "9"]
[EventCountry "BRA"]
[SourceTitle "CB04_2024"]
[SourceDate "2023.10.16"]
[SourceVersion "1"]
[SourceVersionDate "2023.10.16"]
[SourceQuality "1"]

1. e4 c5 2. Nf3 g6 3. c3 d5 4. e5 Nc6 5. d4 Bg7 6. h3 cxd4 7. cxd4 f6 8. Bb5 a6 9. Qa4 Qd7 10. 0-0 Rb8 11. Bxc6 Qxc6 12. Qb3 Be6 13. Bf4 Rd8 14. Na3 Qd7 15. Rac1 f5 16. Qb6 Rc8 17. Rxc8+ Qxc8 18. Rc1 Qd7 19. Ng5 1-0

[Event "Titled Tuesday intern op 19th Dec Early"]
[Site "Chess.com INT"]
[Date "2023.12.19"]
[Round "4"]
[White "Do Nascimento, Christian Almeida"]
[Black "Kahlert, Thomas"]
[Result "0-1"]
[WhiteElo "2125"]
[BlackElo "2110"]
[PlyCount "114"]
[EventDate "2023.12.19"]
[EventType "swiss (blitz)"]
[EventRounds "11"]
[EventCountry "USA"]
[SourceTitle "CB52_2023"]
[SourceDate "2023.12.27"]
[SourceVersion "1"]
[SourceVersionDate "2023.12.27"]
[SourceQuality "1"]

1. e4 e5 2. Nf3 Nc6 3. Bb5 a6 4. Ba4 Nf6 5. 0-0 Be7 6. Re1 b5 7. Bb3 d6 8. c3 0-0 9. h3 Na5 10. Bc2 c5 11. d4 Qc7 12. Nbd2 cxd4 13. cxd4 Bd7 14. Nf1 Rac8 15. Bd3 Nc6 16. dxe5 dxe5 17. a3 Rfd8 18. Qe2 Be6 19. Bg5 h6 20. Bh4 Nh5 21. Bxe7 Qxe7 22. Red1 Nf4 23. Qe3 Bb3 24. Rd2 Nd4 25. Ng3 g6 26. Kh2 Nxf3+ 27. Qxf3 Bc4 28. Rad1 Bxd3 29. Rxd3 Rxd3 30. Rxd3 Nxd3 31. Qxd3 Rd8 32. Qe3 Kg7 33. Qb6 Rd2 34. b4 Qd6 35. Qe3 Rd3 36. Qe2 Rxa3 37. Qg4 Qe6 38. Qh4 Qf6 39. Qg4 Qxf2 40. Nf5+ Kh7 41. Ng3 Rxg3 42. Qxg3 Qxg3+ 43. Kxg3 f5 44. Kf3 Kg7 45. g3 Kf6 46. Ke3 Ke6 47. Kd3 f4 48. Ke2 fxg3 49. Kf3 Kf6 50. h4 h5 51. Kxg3 g5 52. Kh3 g4+ 53. Kg2 Ke6 54. Kf2 Kd6 55. Ke3 Kc6 56. Kd3 Kb6 57. Ke3 a5 0-1

[Event "Manaus op 2nd"]
[Site "Manaus"]
[Date "2023.10.14"]
[Round "6"]
[White "Gutierrez, Enrique Alberto Sot"]
[Black "Do Nascimento, Christian Almeida"]
[Result "0-1"]
[WhiteElo "1852"]
[BlackElo "2101"]
[PlyCount "128"]
[EventDate "2023.10.11"]
[EventType "swiss"]
[EventRounds "9"]
[EventCountry "BRA"]
[SourceTitle "Mega2024 Update 01"]
[Source "Chessbase"]
[SourceDate "2023.11.12"]
[SourceVersion "1"]
[SourceVersionDate "2023.11.12"]
[SourceQuality "1"]

1. d4 d5 2. c4 e6 3. Nf3 Nf6 4. e3 a6 5. b3 c5 6. Bb2 Nc6 7. Nbd2 Be7 8. Be2 0-0 9. 0-0 b6 10. Rc1 Bb7 11. Qc2 h6 12. Rfd1 cxd4 13. exd4 Rc8 14. Qb1 Qc7 15. Ne5 Qb8 16. Nxc6 Rxc6 17. cxd5 Rxc1 18. Rxc1 Bxd5 19. Bf3 Bd6 20. g3 Qb7 21. Qd3 Rc8 22. Rxc8+ Qxc8 23. Ne4 Ne8 24. Nxd6 Nxd6 25. Bxd5 exd5 26. Kg2 Ne4 27. Qe2 Ng5 28. h4 Ne4 29. f3 Nd6 30. Qd2 b5 31. Ba3 Nf5 32. Bc5 Qe6 33. Kf2 Kh7 34. Qf4 g6 35. Qd2 Ng7 36. Qe2 Qh3 37. Qf1 Qf5 38. Qe2 Ne6 39. a4 bxa4 40. bxa4 Qh3 41. Qf1 Qh2+ 42. Qg2 Qxg2+ 43. Kxg2 Nd8 44. a5 Nc6 45. Bb6 Kg7 46. Kf2 Kf6 47. Ke3 Ke6 48. Kd3 Kf5 49. Ke3 h5 50. Bc7 f6 51. Kd3 g5 52. Ke3 g4 53. f4 Ke6 54. Bb6 Ne7 55. Bc5 Nf5+ 56. Kf2 Nd6 57. Bb4 Ne4+ 58. Kg2 Kf5 59. Be7 Nd2 60. Bb4 Nb3 61. Bc3 Ke4 62. f5 Kxf5 63. Kf2 Ke4 64. Ke2 Nxd4+ 0-1

[Event "Florianopolis op-A"]
[Site "Florianopolis"]
[Date "2023.09.22"]
[Round "1"]
[White "Cezar, Ricardo de Almeida"]
[Black "Do Nascimento, Christian Almeida"]
[Result "1-0"]
[WhiteElo "1804"]
[BlackElo "2133"]
[PlyCount "113"]
[EventDate "2023.09.22"]
[EventType "swiss"]
[EventRounds "6"]
[EventCountry "BRA"]
[SourceTitle "EXT 2024"]
[Source "ChessBase"]
[SourceDate "2023.10.10"]
[SourceVersion "1"]
[SourceVersionDate "2023.10.10"]
[SourceQuality "1"]

1. d4 d5 2. c4 e6 3. Nc3 Nf6 4. cxd5 exd5 5. Bg5 c6 6. e3 Bd6 7. Bd3 0-0 8. Qc2 h6 9. Bh4 Re8 10. Nf3 Nbd7 11. 0-0 Nf8 12. Rae1 Bg4 13. Nd2 Be7 14. f4 Bd7 15. Nf3 Rc8 16. Ne5 c5 17. Qb1 cxd4 18. exd4 Qb6 19. Kh1 Qxd4 20. Bxf6 Bxf6 21. Nxd7 Nxd7 22. Bf5 Red8 23. Rd1 Qc5 24. Nxd5 Bd4 25. Rxd4 Qxd4 26. Ne7+ Kf8 27. Nxc8 Nf6 28. Qc2 g6 29. Bh3 Ne4 30. g3 Nd2 31. Rc1 Ne4 32. Rf1 Nd2 33. Rd1 f5 34. Qc3 Qxc3 35. bxc3 Rxc8 36. Rxd2 Rxc3 37. Bf1 Ke7 38. Kg2 g5 39. Rf2 Kf6 40. Bb5 Rc5 41. Bd7 Rd5 42. Bc8 b5 43. Bb7 Rc5 44. fxg5+ hxg5 45. Kf3 b4 46. Ba6 Rc6 47. Bb5 Rc5 48. Bd3 a5 49. Ke3 Ke6 50. Kd4 Rd5+ 51. Kc4 g4 52. Rf1 Re5 53. Rf4 Kf6 54. Rf2 Kg5 55. Re2 Rxe2 56. Bxe2 f4 57. gxf4+ 1-0

[Event "Titled Tuesday intern op 08th Aug Early"]
[Site "Chess.com INT"]
[Date "2023.08.08"]
[Round "6"]
[White "Do Nascimento, Christian Almeida"]
[Black "Bueno, Alfeu Varela Jr"]
[Result "1-0"]
[WhiteElo "2133"]
[BlackElo "2135"]
[PlyCount "71"]
[EventDate "2023.08.08"]
[EventType "swiss (blitz)"]
[EventRounds "11"]
[EventCountry "USA"]
[SourceTitle "EXT 2024"]
[Source "ChessBase"]
[SourceDate "2023.10.10"]
[SourceVersion "1"]
[SourceVersionDate "2023.10.10"]
[SourceQuality "1"]

1. e4 e6 2. d4 d5 3. e5 c5 4. c3 Nc6 5. Nf3 Bd7 6. a3 Rc8 7. Bd3 Qb6 8. 0-0 cxd4 9. cxd4 Nxd4 10. Nxd4 Qxd4 11. Nc3 Qxe5 12. Re1 Qd6 13. Nb5 Qb8 14. Qf3 Bd6 15. Nxd6+ Qxd6 16. Bf4 Qb6 17. Qxd5 Nf6 18. Qg5 0-0 19. Be5 Ne8 20. Re3 f6 21. Qh5 h6 22. Bf4 f5 23. Bxh6 gxh6 24. Rg3+ Ng7 25. Qxh6 Rf7 26. Bxf5 exf5 27. Qd2 f4 28. Rg5 Qf6 29. h4 Bc6 30. Re1 Kh8 31. Ree5 Rg8 32. Qd1 Ne6 33. Rh5+ Rh7 34. Qd6 Rxg2+ 35. Kf1 Rg6 36. Rhf5 1-0

[Event "Titled Tuesday intern op 08th Aug Early"]
[Site "Chess.com INT"]
[Date "2023.08.08"]
[Round "4"]
[White "Do Nascimento, Christian Almeida"]
[Black "Luong, Phuong Hanh"]
[Result "1-0"]
[WhiteElo "2133"]
[BlackElo "2163"]
[PlyCount "69"]
[EventDate "2023.08.08"]
[EventType "swiss (blitz)"]
[EventRounds "11"]
[EventCountry "USA"]
[SourceTitle "EXT 2024"]
[Source "ChessBase"]
[SourceDate "2023.10.10"]
[SourceVersion "1"]
[SourceVersionDate "2023.10.10"]
[SourceQuality "1"]

1. e4 c5 2. Nf3 e6 3. c4 Nc6 4. Nc3 e5 5. Be2 Nf6 6. d3 d6 7. 0-0 Be7 8. Bg5 0-0 9. a3 Nd4 10. Nxd4 cxd4 11. Bxf6 Bxf6 12. Nd5 Be6 13. f4 Rc8 14. f5 Bxd5 15. cxd5 Qb6 16. b4 Rc3 17. Qa4 Rfc8 18. Rab1 h6 19. Bh5 Bg5 20. Qd7 Rf8 21. f6 Rc7 22. Qg4 g6 23. h4 Be3+ 24. Kh1 Kh7 25. Rf3 Rg8 26. Rbf1 gxh5 27. Qxh5 Rg6 28. Qf5 Qb5 29. h5 Qxd3 30. hxg6+ fxg6 31. Qg4 Rf7 32. Qe6 Kg8 33. Qe8+ Rf8 34. Qxg6+ Kh8 35. Qg7# 1-0

[Event "Titled Tuesday intern op 08th Aug Early"]
[Site "Chess.com INT"]
[Date "2023.08.08"]
[Round "7"]
[White "Kukreja, Sankalp"]
[Black "Do Nascimento, Christian Almeida"]
[Result "1-0"]
[WhiteElo "2158"]
[BlackElo "2133"]
[PlyCount "105"]
[EventDate "2023.08.08"]
[EventType "swiss (blitz)"]
[EventRounds "11"]
[EventCountry "USA"]
[SourceTitle "EXT 2024"]
[Source "ChessBase"]
[SourceDate "2023.10.10"]
[SourceVersion "1"]
[SourceVersionDate "2023.10.10"]
[SourceQuality "1"]

1. e4 e6 2. d4 d5 3. Nc3 Bb4 4. Nge2 Ne7 5. a3 Bxc3+ 6. Nxc3 0-0 7. Bd3 c5 8. dxc5 Nbc6 9. 0-0 dxe4 10. Nxe4 e5 11. Qh5 Bf5 12. Nf6+ gxf6 13. Bxf5 Nxf5 14. Qxf5 Kh8 15. Bh6 Rg8 16. Rad1 Qe7 17. Rd7 Nd4 18. Qh3 Qe6 19. Qxe6 fxe6 20. c3 Nf3+ 21. Kh1 Nh4 22. Rxb7 Rxg2 23. c6 Rag8 24. Rd1 Nf3 25. Bg7+ R2xg7 26. Rxg7 Kxg7 27. c7 Rc8 28. Rd7+ Kg6 29. Kg2 e4 30. b4 h5 31. b5 Ne5 32. Re7 Nc4 33. a4 Na5 34. Rd7 Kf5 35. Kf1 e5 36. Ke2 Ke6 37. Rh7 Kd6 38. Ke3 Rxc7 39. Rxc7 Kxc7 40. Kxe4 Kd6 41. Kf5 Ke7 42. Kg6 h4 43. Kf5 Nb3 44. c4 Kd6 45. Kxf6 Na5 46. c5+ Kxc5 47. Kxe5 Nc4+ 48. Ke6 Nb2 49. f4 Nxa4 50. f5 Nc3 51. f6 Nxb5 52. f7 Nc7+ 53. Kd7 1-0

[Event "Titled Tuesday intern op 08th Aug Early"]
[Site "Chess.com INT"]
[Date "2023.08.08"]
[Round "8"]
[White "Topalov, Aleksandar"]
[Black "Do Nascimento, Christian Almeida"]
[Result "1-0"]
[WhiteElo "2233"]
[BlackElo "2133"]
[PlyCount "121"]
[EventDate "2023.08.08"]
[EventType "swiss (blitz)"]
[EventRounds "11"]
[EventCountry "USA"]
[SourceTitle "EXT 2024"]
[Source "ChessBase"]
[SourceDate "2023.10.10"]
[SourceVersion "1"]
[SourceVersionDate "2023.10.10"]
[SourceQuality "1"]

1. b3 Nf6 2. Bb2 g6 3. Bxf6 exf6 4. c4 Bg7 5. Nc3 0-0 6. e3 f5 7. Nge2 d6 8. g3 Nd7 9. Bg2 Nf6 10. 0-0 Re8 11. d3 c6 12. Rb1 Qe7 13. b4 Bd7 14. b5 Rab8 15. a4 c5 16. a5 b6 17. axb6 axb6 18. Ra1 Be6 19. Ra6 Red8 20. Nf4 Bc8 21. Nfd5 Qe8 22. Rxb6 Rxb6 23. Nxb6 Be6 24. Nbd5 Nxd5 25. Nxd5 Ra8 26. Ne7+ Kh8 27. Bxa8 Qxa8 28. Nc6 d5 29. Qc2 h5 30. h4 Bf6 31. cxd5 Bxd5 32. Qxc5 Bf3 33. Rc1 f4 34. exf4 Kg7 35. b6 Bxh4 36. Na5 Bf6 37. b7 Bxb7 38. Nxb7 Qxb7 39. d4 h4 40. g4 Qf3 41. g5 Qg4+ 42. Kf1 Qh3+ 43. Ke2 Qg4+ 44. Ke3 Qe6+ 45. Kd2 Be7 46. Qe5+ Qxe5 47. dxe5 Bb4+ 48. Ke2 Ba3 49. Rh1 Kf8 50. Rxh4 Bc1 51. Kd3 Ke7 52. Ke4 Ke6 53. Rh6 Ke7 54. Rh1 Bd2 55. Rd1 Bb4 56. f5 gxf5+ 57. Kxf5 Bc3 58. f4 Bb2 59. Rb1 Bc3 60. Rb7+ Kf8 61. Kf6 1-0

[Event "Titled Tuesday intern op 06th Jun Early"]
[Site "Chess.com INT"]
[Date "2023.06.06"]
[Round "7"]
[White "Lacasa Diaz, Jose Antonio"]
[Black "Do Nascimento, Christian Almeida"]
[Result "1-0"]
[WhiteElo "2351"]
[BlackElo "2133"]
[PlyCount "85"]
[EventDate "2023.06.06"]
[EventType "swiss (blitz)"]
[EventRounds "11"]
[EventCountry "USA"]
[SourceTitle "EXT 2024"]
[Source "ChessBase"]
[SourceDate "2023.10.10"]
[SourceVersion "1"]
[SourceVersionDate "2023.10.10"]
[SourceQuality "1"]

1. d4 Nf6 2. c4 e6 3. Nf3 b6 4. g3 Bb7 5. Bg2 Bb4+ 6. Bd2 Be7 7. Nc3 0-0 8. 0-0 Ne4 9. Nxe4 Bxe4 10. Nh4 Bxg2 11. Nxg2 f5 12. Qc2 d6 13. Nf4 Qd7 14. d5 e5 15. Ne6 Rf7 16. b4 Qc8 17. e4 f4 18. f3 fxg3 19. hxg3 Nd7 20. Kg2 Nf8 21. Nxf8 Qxf8 22. Be3 Qc8 23. a4 Qd7 24. a5 Raf8 25. axb6 axb6 26. Ra7 Bd8 27. Qe2 Qe8 28. c5 bxc5 29. bxc5 dxc5 30. Bxc5 Be7 31. Rxc7 Bxc5 32. Rxc5 Ra7 33. Rfc1 Qf7 34. Rc8 h5 35. Rxf8+ Qxf8 36. Qc2 Ra3 37. Qc8 Rxf3 38. Qxf8+ Rxf8 39. Rc6 Kf7 40. Re6 Re8 41. Rxe8 Kxe8 42. g4 h4 43. g5 1-0

[Event "Titled Tuesday intern op 06th Jun Early"]
[Site "Chess.com INT"]
[Date "2023.06.06"]
[Round "3"]
[White "Lopez Idarraga, Daniel Eduardo"]
[Black "Do Nascimento, Christian Almeida"]
[Result "1-0"]
[WhiteElo "2009"]
[BlackElo "2133"]
[PlyCount "91"]
[EventDate "2023.06.06"]
[EventType "swiss (blitz)"]
[EventRounds "11"]
[EventCountry "USA"]
[SourceTitle "EXT 2024"]
[Source "ChessBase"]
[SourceDate "2023.10.10"]
[SourceVersion "1"]
[SourceVersionDate "2023.10.10"]
[SourceQuality "1"]

1. d4 Nf6 2. Bf4 e6 3. e3 b6 4. Nf3 Bb7 5. Nbd2 d6 6. Bd3 Nbd7 7. h3 Qe7 8. Bh2 g6 9. 0-0 Bg7 10. a4 0-0 11. c3 a5 12. Nc4 Rfe8 13. b4 axb4 14. cxb4 e5 15. dxe5 Nxe5 16. Nfxe5 dxe5 17. Nxe5 Rad8 18. Rc1 Nd5 19. Nxf7 Qxf7 20. Qb3 Nf6 21. Qxf7+ Kxf7 22. Rxc7+ Re7 23. Rd1 Rxc7 24. Bxc7 Rd7 25. Bxb6 Be4 26. Bc4+ Bd5 27. Bf1 Bc6 28. Rxd7+ Nxd7 29. b5 Bxb5 30. Bxb5 Nxb6 31. a5 Nc8 32. f4 Bf8 33. Kf2 Bc5 34. Kf3 Kf6 35. e4 Na7 36. e5+ Ke7 37. Ba4 Ke6 38. Ke4 h6 39. g4 g5 40. f5+ Ke7 41. f6+ Kf8 42. Kf5 Be3 43. Ke6 Bd2 44. Kd7 Bxa5 45. e6 Bb4 46. e7+ 1-0

[Event "Titled Tuesday intern op 30th May Early"]
[Site "Chess.com INT"]
[Date "2023.05.30"]
[Round "2"]
[White "Bjerre, Jonas Buhl"]
[Black "Do Nascimento, Christian Almeida"]
[Result "1-0"]
[WhiteElo "2602"]
[BlackElo "2095"]
[PlyCount "47"]
[EventDate "2023.05.30"]
[EventType "swiss (blitz)"]
[EventRounds "11"]
[EventCountry "USA"]
[SourceTitle "CBM 214 Extra"]
[Source "ChessBase"]
[SourceDate "2023.07.31"]
[SourceVersion "1"]
[SourceVersionDate "2023.07.31"]
[SourceQuality "1"]

1. d4 Nf6 2. c4 e6 3. Nf3 d5 4. g3 Bb4+ 5. Bd2 Be7 6. Bg2 0-0 7. 0-0 Ne4 8. Nc3 Nxd2 9. Nxd2 c6 10. Rb1 Nd7 11. b4 a6 12. e4 dxe4 13. Ndxe4 Nf6 14. Nc5 Bxc5 15. bxc5 Qe7 16. Re1 Rd8 17. Na4 Bd7 18. Rxb7 Rab8 19. Rxb8 Rxb8 20. Nb6 Be8 21. Qa4 Qd8 22. Rd1 e5 23. dxe5 Nd7 24. Bxc6 1-0

[Event "Titled Tuesday intern op 30th May Early"]
[Site "Chess.com INT"]
[Date "2023.05.30"]
[Round "6"]
[White "Clawitter, Craig"]
[Black "Do Nascimento, Christian Almeida"]
[Result "0-1"]
[WhiteElo "2050"]
[BlackElo "2095"]
[PlyCount "78"]
[EventDate "2023.05.30"]
[EventType "swiss (blitz)"]
[EventRounds "11"]
[EventCountry "USA"]
[SourceTitle "CBM 214 Extra"]
[Source "ChessBase"]
[SourceDate "2023.07.31"]
[SourceVersion "1"]
[SourceVersionDate "2023.07.31"]
[SourceQuality "1"]

1. e4 c5 2. Nf3 d6 3. d4 cxd4 4. Nxd4 Nf6 5. Nc3 g6 6. Be3 Bg7 7. f3 0-0 8. Qd2 Nc6 9. Bc4 Bd7 10. 0-0-0 Ne5 11. Bb3 Qa5 12. Kb1 Rfc8 13. h4 Rxc3 14. Qxc3 Qxc3 15. bxc3 Rc8 16. Ne2 a5 17. a4 b5 18. axb5 Bxb5 19. Nd4 Be8 20. Kb2 a4 21. Ba2 a3+ 22. Kc1 Rxc3 23. Rhe1 Ba4 24. Kb1 Nfd7 25. Bb3 Bxb3 26. Nxb3 a2+ 27. Kxa2 Rxc2+ 28. Kb1 Rxg2 29. Bd4 Nxf3 30. Bxg7 Nxe1 31. Bc3 Nf3 32. h5 gxh5 33. Rh1 Rg1+ 34. Rxg1+ Nxg1 35. Nd4 e6 36. Kc2 h4 37. Kd3 h3 38. Ne2 Nxe2 39. Kxe2 h2 0-1

[Event "Titled Tuesday intern op 30th May Late"]
[Site "Chess.com INT"]
[Date "2023.05.30"]
[Round "9"]
[White "Do Nascimento, Christian Almeida"]
[Black "Shapiro, Daniel E"]
[Result "0-1"]
[WhiteElo "2095"]
[BlackElo "2284"]
[PlyCount "64"]
[EventDate "2023.05.30"]
[EventType "swiss (blitz)"]
[EventRounds "11"]
[EventCountry "USA"]
[SourceTitle "CBM 214 Extra"]
[Source "ChessBase"]
[SourceDate "2023.07.31"]
[SourceVersion "1"]
[SourceVersionDate "2023.07.31"]
[SourceQuality "1"]

1. e4 c5 2. Nf3 e6 3. c4 a6 4. Nc3 Qc7 5. d4 cxd4 6. Nxd4 Nf6 7. Bd3 Bd6 8. h3 Nc6 9. Nxc6 dxc6 10. 0-0 0-0 11. f4 e5 12. Qf3 b5 13. cxb5 axb5 14. fxe5 Bxe5 15. Bf4 Bxf4 16. Qxf4 Qxf4 17. Rxf4 Nd7 18. Bc2 Ne5 19. Ne2 Rd8 20. Bb3 Be6 21. Bxe6 fxe6 22. a3 Rd2 23. Ng3 Rxb2 24. Rd1 Rb3 25. Nh5 Rbxa3 26. Rd6 Re8 27. Rf2 b4 28. Nf4 b3 29. Rxe6 Rxe6 30. Nxe6 Ra8 31. Nd4 Nd3 32. Rd2 b2 0-1

[Event "Titled Tuesday intern op 30th May Early"]
[Site "Chess.com INT"]
[Date "2023.05.30"]
[Round "7"]
[White "Do Nascimento, Christian Almeida"]
[Black "Toktomushev, Teimur"]
[Result "1-0"]
[WhiteElo "2095"]
[BlackElo "2239"]
[PlyCount "65"]
[EventDate "2023.05.30"]
[EventType "swiss (blitz)"]
[EventRounds "11"]
[EventCountry "USA"]
[SourceTitle "CBM 214 Extra"]
[Source "ChessBase"]
[SourceDate "2023.07.31"]
[SourceVersion "1"]
[SourceVersionDate "2023.07.31"]
[SourceQuality "1"]

1. d4 d5 2. Nf3 Nf6 3. Bf4 c5 4. e3 Nc6 5. c3 Qb6 6. Qc1 Bf5 7. Be2 e6 8. h3 h6 9. 0-0 Be7 10. Nbd2 0-0 11. Ne5 Rfc8 12. Ndf3 Qa5 13. Nxc6 Rxc6 14. Ne5 Rcc8 15. a3 Qd8 16. Bf3 b5 17. Re1 b4 18. axb4 cxb4 19. c4 a5 20. c5 a4 21. Qd2 Qa5 22. g4 Be4 23. Be2 Bh7 24. Bf3 Be4 25. Be2 Bh7 26. f3 Ne8 27. Nd3 b3 28. Qxa5 Rxa5 29. Ra3 Rca8 30. Rea1 f6 31. Nc1 e5 32. Bg3 exd4 33. exd4 1-0